[Event "Bronshoj Autumn-A"]
[Site "Copenhagen"]
[Date "2018.11.15"]
[Round "3"]
[White "Renneberg, Morten"]
[Black "Christensen, Esben"]
[Result "0-1"]
[WhiteElo "1979"]
[BlackElo "2017"]
[PlyCount "54"]
[EventDate "2018.10.25"]
[EventType "tourn"]
[EventRounds "5"]
[EventCountry "DEN"]
[SourceTitle "EXT 2020"]
[Source "ChessBase"]
[SourceDate "2019.10.17"]
[SourceVersion "1"]
[SourceVersionDate "2019.10.17"]
[SourceQuality "1"]

1. d4 Nf6 2. Nf3 g6 3. c4 Bg7 4. Nc3 0-0 5. Bg5 d6 6. e3 Nbd7 7. Be2 c6 8. Qc2 e5 9. dxe5 dxe5 10. 0-0 Qc7 11. Nd2 a5 12. a3 Re8 13. b4 axb4 14. axb4 Rxa1 15. Rxa1 Nf8 16. Bxf6 Bxf6 17. Nde4 Be7 18. c5 f5 19. Bc4+ Kg7 20. Nd2 b6 21. cxb6 Qxb6 22. b5 cxb5 23. Bxb5 Rd8 24. Qb2 Be6 25. Na4 Qd6 26. Nf3 Bf6 27. Qa3 Qxa3 0-1

[Event "Bronshoj Autumn-A"]
[Site "Copenhagen"]
[Date "2018.11.08"]
[Round "2"]
[White "Mouritsen, Jan"]
[Black "Renneberg, Morten"]
[Result "0-1"]
[WhiteElo "1877"]
[BlackElo "1979"]
[PlyCount "48"]
[EventDate "2018.10.25"]
[EventType "tourn"]
[EventRounds "5"]
[EventCountry "DEN"]
[SourceTitle "EXT 2020"]
[Source "ChessBase"]
[SourceDate "2019.10.17"]
[SourceVersion "1"]
[SourceVersionDate "2019.10.17"]
[SourceQuality "1"]

1. e4 e6 2. d4 d5 3. Nc3 Nf6 4. e5 Nfd7 5. f4 c5 6. Nf3 Nc6 7. Be3 a6 8. Qd2 b5 9. dxc5 Bxc5 10. Bxc5 Nxc5 11. Bd3 b4 12. Nd1 Qb6 13. Qf2 Nxd3+ 14. cxd3 Qb5 15. Nd4 Nxd4 16. Qxd4 a5 17. 0-0 Ba6 18. Rf3 Rc8 19. f5 Qc5 20. Qxc5 Rxc5 21. fxe6 fxe6 22. d4 Rc4 23. Rf4 Rf8 24. Rg4 Rc1 0-1

[Event "Frederiksberg-ch"]
[Site "Frederiksberg"]
[Date "2018.06.06"]
[Round "7"]
[White "Renneberg, Morten"]
[Black "Riisberg, Alexander"]
[Result "1/2-1/2"]
[WhiteElo "2028"]
[BlackElo "2038"]
[PlyCount "38"]
[EventDate "2018.04.11"]
[EventType "tourn"]
[EventRounds "7"]
[EventCountry "DEN"]
[SourceTitle "EXT 2020"]
[Source "ChessBase"]
[SourceDate "2019.10.17"]
[SourceVersion "1"]
[SourceVersionDate "2019.10.17"]
[SourceQuality "1"]

1. c4 Nf6 2. Nc3 g6 3. Nf3 Bg7 4. d4 d5 5. e3 0-0 6. Qb3 c6 7. Bd3 b6 8. cxd5 Nxd5 9. Bc4 e6 10. 0-0 Nd7 11. e4 Nxc3 12. bxc3 Qc7 13. e5 h6 14. h4 Bb7 15. h5 g5 16. Be3 c5 17. Nd2 Nxe5 18. dxe5 Qxe5 19. Rac1 g4 1/2-1/2

[Event "Frederiksberg-ch"]
[Site "Frederiksberg"]
[Date "2018.05.02"]
[Round "4"]
[White "Sorensen, Dick"]
[Black "Renneberg, Morten"]
[Result "0-1"]
[WhiteElo "1973"]
[BlackElo "2028"]
[PlyCount "84"]
[EventDate "2018.04.11"]
[EventType "tourn"]
[EventRounds "7"]
[EventCountry "DEN"]
[SourceTitle "EXT 2020"]
[Source "ChessBase"]
[SourceDate "2019.10.17"]
[SourceVersion "1"]
[SourceVersionDate "2019.10.17"]
[SourceQuality "1"]

1. d4 d5 2. Bf4 Nf6 3. e3 Bf5 4. Bd3 e6 5. Bxf5 exf5 6. Qd3 Qc8 7. Ne2 g6 8. Be5 Nbd7 9. Nbc3 c6 10. Bxf6 Nxf6 11. f3 Bh6 12. 0-0-0 0-0 13. Kb1 Re8 14. Nf4 Bxf4 15. exf4 b5 16. Rde1 Qc7 17. g3 Nd7 18. Qd2 Qb6 19. Nd1 b4 20. Nf2 a5 21. Re3 Rxe3 22. Qxe3 Nf8 23. g4 Ne6 24. Rd1 Ng7 25. h4 Re8 26. Qd2 Qd8 27. g5 Qb6 28. c3 bxc3 29. Qxc3 Ne6 30. Nh3 Rb8 31. b3 a4 32. Kb2 axb3 33. axb3 Ra8 34. Rd3 Qa6 35. Kc2 Qb5 36. Kb2 Ra4 37. Re3 Rc4 38. Qe1 Rb4 39. h5 Qb6 40. h6 Qxd4+ 41. Ka2 Rb8 42. Qc3 Qa7+ 0-1

[Event "Bronshoj SenSommer"]
[Site "Copenhagen"]
[Date "2017.09.07"]
[Round "4"]
[White "Sorensen, Dick"]
[Black "Renneberg, Morten"]
[Result "1-0"]
[WhiteElo "2041"]
[BlackElo "2026"]
[PlyCount "53"]
[EventDate "2017.08.17"]
[EventType "tourn"]
[EventRounds "7"]
[EventCountry "DEN"]
[SourceTitle "EXT 2019"]
[Source "ChessBase"]
[SourceDate "2018.10.10"]
[SourceVersion "1"]
[SourceVersionDate "2018.10.10"]
[SourceQuality "1"]

1. d4 d5 2. c4 c6 3. e3 Nf6 4. Nc3 g6 5. Bd3 Bg7 6. f4 dxc4 7. Bxc4 0-0 8. Nf3 Bf5 9. 0-0 Ne4 10. Ne5 Nxc3 11. bxc3 b5 12. Bd3 Bxe5 13. fxe5 Bxd3 14. Qxd3 Qa5 15. e4 Nd7 16. Bh6 c5 17. Bxf8 Rxf8 18. e6 fxe6 19. Rxf8+ Nxf8 20. dxc5 a6 21. Rf1 Qc7 22. c6 g5 23. Qf3 Ng6 24. Qf7+ Kh8 25. Qe8+ Kg7 26. Qd7 Qb6+ 27. Qd4+ 1-0

[Event "Copenhagen Bronshoj CC-chA"]
[Site "Copenhagen"]
[Date "2017.04.27"]
[Round "6"]
[White "Petersen, Steen Brustrup"]
[Black "Renneberg, Morten"]
[Result "1-0"]
[WhiteElo "2139"]
[BlackElo "2048"]
[PlyCount "65"]
[EventDate "2017.03.09"]
[EventType "tourn"]
[EventRounds "9"]
[EventCountry "DEN"]
[SourceTitle "EXT 2018"]
[Source "ChessBase"]
[SourceDate "2017.10.13"]
[SourceVersion "1"]
[SourceVersionDate "2017.10.13"]
[SourceQuality "1"]

1. e4 e6 2. d3 d5 3. Nd2 Nf6 4. Ngf3 c5 5. g3 Nc6 6. Bg2 Be7 7. 0-0 0-0 8. e5 Nd7 9. Re1 Qc7 10. Qe2 b5 11. h4 Rb8 12. Nf1 Nd4 13. Nxd4 cxd4 14. Bf4 Nb6 15. Qg4 Kh8 16. Re2 Na4 17. Bc1 f6 18. f4 fxe5 19. fxe5 Rf5 20. Nh2 Bd7 21. Nf3 Qb6 22. Ng5 Rbf8 23. Bd2 Be8 24. Rf1 h6 25. Rxf5 exf5 26. Qh3 Qc6 27. Bf4 hxg5 28. hxg5+ Kg8 29. e6 Bd6 30. e7 Bxe7 31. Rxe7 Nb6 32. Be5 Rf7 33. g6 1-0

[Event "Bronshoj-ch A"]
[Site "Bronshoj"]
[Date "2016.06.08"]
[Round "9"]
[White "Sorensen, Dick"]
[Black "Renneberg, Morten"]
[Result "1/2-1/2"]
[WhiteElo "1990"]
[BlackElo "2018"]
[PlyCount "62"]
[EventDate "2016.03.17"]
[EventType "swiss"]
[EventRounds "9"]
[EventCountry "DEN"]
[SourceTitle "EXT 2024"]
[Source "ChessBase"]
[SourceDate "2023.10.10"]
[SourceVersion "1"]
[SourceVersionDate "2023.10.10"]
[SourceQuality "1"]

1. d4 d5 2. Nf3 Nf6 3. c4 c6 4. e3 Bf5 5. Nc3 e6 6. Bd3 Bxd3 7. Qxd3 Nbd7 8. cxd5 exd5 9. 0-0 Bb4 10. Nd2 0-0 11. f4 Re8 12. a3 Bxc3 13. bxc3 Qe7 14. Rf3 Ne4 15. c4 Nxd2 16. Bxd2 Qe4 17. Qxe4 Rxe4 18. cxd5 cxd5 19. Rc1 Nb6 20. Rc2 Rb8 21. Bc1 Rc8 22. Rxc8+ Nxc8 23. Rf2 Re7 24. Rc2 Nb6 25. Rc5 f5 26. Kf2 Kf7 27. a4 Ke6 28. Ba3 Rd7 29. a5 Nc4 30. Bb4 Nd6 31. Ke2 Rf7 1/2-1/2

[Event "Bronshoj-ch A"]
[Site "Bronshoj"]
[Date "2016.05.09"]
[Round "6"]
[White "Renneberg, Morten"]
[Black "Rostgaard, Tobias Valentin"]
[Result "0-1"]
[WhiteElo "2018"]
[BlackElo "2222"]
[PlyCount "126"]
[EventDate "2016.03.17"]
[EventType "swiss"]
[EventRounds "9"]
[EventCountry "DEN"]
[SourceTitle "EXT 2024"]
[Source "ChessBase"]
[SourceDate "2023.10.10"]
[SourceVersion "1"]
[SourceVersionDate "2023.10.10"]
[SourceQuality "1"]

1. e4 e5 2. Nf3 Nc6 3. Bc4 Nf6 4. d3 Be7 5. 0-0 d6 6. c3 0-0 7. Bb3 Na5 8. Bc2 c5 9. h3 Nc6 10. Re1 Re8 11. d4 cxd4 12. cxd4 exd4 13. Nxd4 Qb6 14. Nf3 Nb4 15. Bb3 d5 16. exd5 Bf5 17. Nc3 Bc5 18. Be3 Rxe3 19. fxe3 Bxe3+ 20. Rxe3 Qxe3+ 21. Kh1 Nd3 22. Qd2 Qxd2 23. Nxd2 Rd8 24. Rf1 Bg6 25. Nc4 Nxd5 26. Nxd5 Rxd5 27. Rf3 Nc5 28. Re3 h5 29. Ne5 Nxb3 30. Nxg6 Rd1+ 31. Kh2 Nd2 32. Re8+ Kh7 33. Nf4 Nf1+ 34. Kg1 g5 35. Ne2 Ng3+ 36. Kf2 Nxe2 37. Rxe2 Kg6 38. Rc2 h4 39. Ke2 Rb1 40. Kf3 f5 41. Rd2 Kh5 42. g4+ hxg3 43. Kxg3 f4+ 44. Kg2 Re1 45. Rc2 Re3 46. Rc8 Re2+ 47. Kf3 Rxb2 48. Rh8+ Kg6 49. Rg8+ Kf6 50. Rf8+ Kg7 51. Rc8 Rxa2 52. Rc7+ Kg6 53. Rxb7 Rh2 54. h4 Rxh4 55. Rxa7 Rh3+ 56. Ke4 Re3+ 57. Kd4 g4 58. Ra6+ Kg5 59. Ra5+ Kh4 60. Rf5 Kg3 61. Rf8 Re1 62. Kd3 f3 63. Kd2 f2 0-1

[Event "Bronshoj-ch A"]
[Site "Bronshoj"]
[Date "2016.04.29"]
[Round "5"]
[White "Renneberg, Morten"]
[Black "Gustafsson, Magnus"]
[Result "1/2-1/2"]
[WhiteElo "2018"]
[BlackElo "1976"]
[PlyCount "115"]
[EventDate "2016.03.17"]
[EventType "swiss"]
[EventRounds "9"]
[EventCountry "DEN"]
[SourceTitle "EXT 2024"]
[Source "ChessBase"]
[SourceDate "2023.10.10"]
[SourceVersion "1"]
[SourceVersionDate "2023.10.10"]
[SourceQuality "1"]

1. e4 e5 2. Nf3 Nc6 3. Bb5 a6 4. Bxc6 dxc6 5. 0-0 Bg4 6. h3 h5 7. d3 Bxf3 8. Qxf3 Ne7 9. Bg5 Qd6 10. Nd2 f6 11. Be3 g5 12. Nc4 Qe6 13. Bc5 g4 14. Qg3 Bh6 15. Be3 Ng6 16. Bxh6 Rxh6 17. h4 b5 18. Ne3 Ne7 19. f4 gxf3 20. Qxf3 0-0-0 21. Nf5 Nxf5 22. Qxf5 Qxf5 23. Rxf5 c5 24. Raf1 Rd6 25. Kf2 Kd7 26. Ke3 Ke7 27. R1f3 Rg6 28. Kf2 Rh6 29. Rg3 Ke6 30. Rg7 Rd7 31. Rg8 c4 32. Ke3 cxd3 33. cxd3 c5 34. g3 c4 35. dxc4 bxc4 36. Rf3 Rb7 37. Rf2 Kf7 38. Rc8 Rg6 39. Rg2 Rb4 40. Rh8 Rg4 41. Rxh5 Kg6 42. Rh8 Rxe4+ 43. Kxe4 c3+ 44. Kd5 cxb2 45. Rg1 b1Q 46. Rxb1 Rxb1 47. Ra8 Rb5+ 48. Ke6 e4 49. Rg8+ Kh7 50. Rc8 Kg7 51. Rc2 Re5+ 52. Kd6 e3 53. Re2 Kg6 54. g4 Kf7 55. g5 Re6+ 56. Kd5 f5 57. g6+ Kf6 58. g7 1/2-1/2

[Event "Bronshoj SenSommer A"]
[Site "Bronshoj"]
[Date "2015.09.19"]
[Round "6"]
[White "Nicolaisen, Jeppe"]
[Black "Renneberg, Morten"]
[Result "1/2-1/2"]
[WhiteElo "2010"]
[BlackElo "1978"]
[PlyCount "53"]
[EventDate "2015.08.20"]
[EventType "swiss"]
[EventRounds "7"]
[EventCountry "DEN"]
[SourceTitle "EXT 2024"]
[Source "ChessBase"]
[SourceDate "2023.10.10"]
[SourceVersion "1"]
[SourceVersionDate "2023.10.10"]
[SourceQuality "1"]

1. e4 c6 2. Nf3 d5 3. Nc3 Bg4 4. h3 Bxf3 5. Qxf3 Nf6 6. d4 dxe4 7. Qe3 e6 8. Nxe4 Nbd7 9. Be2 Bb4+ 10. c3 Be7 11. Nxf6+ Nxf6 12. Qg3 Bd6 13. Qxg7 Rg8 14. Qh6 Rg6 15. Qh4 Be7 16. 0-0 Qd5 17. f3 0-0-0 18. Bd3 Rgg8 19. Be4 Nxe4 20. Qxe4 Qh5 21. Kh2 Rg6 22. Bf4 Rdg8 23. g4 Qa5 24. a4 Kd7 25. b4 Qd5 26. Qxd5+ cxd5 27. Rac1 1/2-1/2

[Event "Bronshoj SenSommer A"]
[Site "Bronshoj"]
[Date "2015.09.13"]
[Round "5"]
[White "Petersen, Steen Brustrup"]
[Black "Renneberg, Morten"]
[Result "1-0"]
[WhiteElo "2052"]
[BlackElo "1978"]
[PlyCount "33"]
[EventDate "2015.08.20"]
[EventType "swiss"]
[EventRounds "7"]
[EventCountry "DEN"]
[SourceTitle "EXT 2024"]
[Source "ChessBase"]
[SourceDate "2023.10.10"]
[SourceVersion "1"]
[SourceVersionDate "2023.10.10"]
[SourceQuality "1"]

1. e4 c6 2. d4 d5 3. Nc3 dxe4 4. Nxe4 Nd7 5. Ng5 Ngf6 6. Bd3 e6 7. Qe2 h6 8. Nxe6 fxe6 9. Bg6+ Ke7 10. Nf3 Qc7 11. 0-0 Nd5 12. Re1 N7f6 13. Ne5 Bd7 14. c4 Nb6 15. Bf4 Qc8 16. Nf7 Ne8 17. Nxh8 1-0

[Event "Bornholms Sommer B3"]
[Site "Ronne"]
[Date "2011.07.09"]
[Round "3"]
[White "Renneberg, Morten"]
[Black "Nielsen, Jonas Burgel Sindal"]
[Result "1-0"]
[WhiteElo "1482"]
[BlackElo "1175"]
[PlyCount "53"]
[EventDate "2011.07.08"]
[EventType "tourn"]
[EventRounds "5"]
[EventCountry "DEN"]
[SourceTitle "EXT 2023"]
[Source "ChessBase"]
[SourceDate "2022.10.05"]
[SourceVersion "1"]
[SourceVersionDate "2022.10.05"]
[SourceQuality "1"]

1. e4 e5 2. Nf3 Nc6 3. Bb5 d6 4. Nc3 Bd7 5. 0-0 a6 6. Bxc6 Bxc6 7. d4 exd4 8. Nxd4 Bd7 9. Re1 c5 10. Nf5 Bxf5 11. exf5+ Be7 12. Nd5 Qd7 13. Bg5 f6 14. Qh5+ Kf8 15. Bf4 Rd8 16. Re6 Re8 17. Rae1 b5 18. Nxe7 Nxe7 19. Rxf6+ gxf6 20. Bh6+ Kg8 21. Re6 Ng6 22. Rxe8+ Qxe8 23. Qd1 Nf8 24. Qd5+ Ne6 25. fxe6 Qg6 26. Qa8+ Qe8 27. Qxe8# 1-0